000 00596nam a2200205Ia 4500
005 20250923150136.0
008 008 250917s9999 xx 000 0 eng d
037 _aTextual
040 _aDSWL
_beng
_cDSWL
041 _aeng
_2eng
084 _aZ:(Q7),1227, P3
_qDSWL
100 _aAhmad, Imtiaz
_9842714
245 0 _aDivorce and remarriage among muslims in India
_c by Imtiaz Ahmad
260 _aNew Delhi
_b Manohar Publications India
_c2003
300 _a436p.
365 _aINR
_b850
925 _g850
942 _cTEXL
_hZ:(Q7),1227, P3
999 _c1460042
_d1460042